Normal view
MARC view
- السكان-علم- جغرافية السكان
Entry Topical Term
001 - CONTROL NUMBER
- control field: 17724
003 - CONTROL NUMBER IDENTIFIER
- control field: JO-AjAnu
005 - DATE AND TIME OF LATEST TRANSACTION
- control field: 20230606073127.0
008 - FIXED-LENGTH DATA ELEMENTS
- fixed length control field: 230606|| aca||aabn | a|a d
040 ## - CATALOGING SOURCE
- Original cataloging agency: JO-AjAnu
- Transcribing agency: JO-AjAnu
150 ## - HEADING--TOPICAL TERM
- Topical term or geographic name entry element: السكان-علم- جغرافية السكان
670 ## - SOURCE DATA FOUND
- Source citation: Work cat.: (JO-AjAnu)9104: الخفاف، عبد علي، م.مشارك المومني، محمد احمد غقلة, author 17723, الأرض وأعداد البشر